000 00490nam a2200181Ia 4500
001 19153
005 20260306171723.0
008 260306s9999||||xx |||||||||||||| ||und||
041 _aESP
082 _a658.8
_bM39
100 _aMayorga Gutiérrez, David
_eAUT
245 0 _aLas mejores prácticas del márketing:
_bcasos ganadores de los premios EFFIE Perú 2008
260 _c2009
300 _a248 páginas :
_c24 cm.
650 _aGEN
654 _aCAN
942 _cLIB
_dJUS
_fJUS
_2ddc
_n
999 _c19153
_d19153